000 01104cam a2200325Ia 4500
001 76158541
003 OCoLC
005 20210222221530.0
008 061116s2006 mnua b 001 0 spa d
010 _a2005015713
020 _a0736873252 (hardcover) :
_c$15.93
020 _a9780736873253 (hardcover)
020 _a0736874119 (softcover pbk.)
020 _a9780736874113 (softcover pbk.)
040 _aLD4
_cLD4
_dLD4
041 _aspa
100 1 _aCatala, Ellen.
240 1 0 _aHow do you move?
_lSpanish.
245 1 0 _aComo te mueves? /
_cpor Ellen Catala ; consultant, Robyn Barbiers ; [adapted translation, Gloria Ramos].
260 _aBloomington, Minn. :
_bRed Brick Learning,
_cc2006.
300 _a17 p. :
_bcol. ill. ;
_c21 cm.
490 1 _aLibros sombrilla amarilla para lectores principiantes.
_aNivel A,
_aCiencia.
500 _aIncludes index.
521 _aNivel A, ciencia.
650 0 _aLocomotion
_vJuvenile literature.
650 0 _aLocomocion
_vLiteratura juvenil.
700 1 _aRamos, Gloria.
830 0 _aYellow Umbrella Books.
_pScience.
_pSpanish.
942 _cBK
999 _c25290
_d25290